00520nam a2200193Ia 4500003000400000005001700004008004100021020001800062040000700080041000800087082001500095100002000110245007100130260003500201300001200236365001300248650002500261650004000286OSt20221210105020.0210423s2015 xx 000 0 und d a81-7660-008-3 cAL aeng a658.4 KAPC aKAPTAN (Sanjay) aCases and problems in organizational behaviour and human relations aPunebEverest Publishingc2015 a178bPB b190cINR aExecutive Management aManagement & Auxiliary Services 650